Normal view
MARC view
Entry Personal Name
001 - CONTROL NUMBER
- control field: 11449
003 - CONTROL NUMBER IDENTIFIER
- control field: ARRUPE
005 - DATE AND TIME OF LATEST TRANSACTION
- control field: 20140922181020.0
008 - FIXED-LENGTH DATA ELEMENTS
- fixed length control field: 140922|| aca||aabn | a|a d
040 ## - CATALOGING SOURCE
- Original cataloging agency: ARRUPE
- Transcribing agency: ARRUPE
100 ## - HEADING--PERSONAL NAME
- Personal name: Carus, David.
670 ## - SOURCE DATA FOUND
- Source citation: Work cat.: (ARRUPE)0: Schopenhauer, Arthur, 1788-1860. 5723, The world as will and presentation /, c2008-c2011.